000 00312nam a22001337a 4500
008 170602b xxu||||| |||| 00| 0 eng d
020 _a9780072322675
041 _aeng
080 _23 ED
_a94
100 _a17
101 _aSHH
245 _aREPRENTATIVE GOVERNENT MODERN EUROPE
_cMAIR.P
942 _2udc
_cBK
999 _c15778
_d15778